Statistiken für Größte Fußballvereine Mecklenburg-Vorpommerns (aktuell)

Klicken Sie hier um das Quiz zu spielen!

Allgemein

  • Dieses Quiz wurde 82 mal gespielt
  • Das Durchschnittsergebnis liegt bei 5 aus 7

Antwortstatistiken

LigaVerein% Korrekt
2.LigaFC Hansa Rostock
100%
4.LigaFC Hansa Rostock II
100%
5.LigaSG Dynamo Schwerin
85%
4.LigaGreifswalder FC
63%
5.LigaFC Anker Wismar
52%
5.LigaTSG Neustrelitz
41%
5.LigaRostocker FC
36%

Verteilung der Resultate

Perzentil nach korrekt beantworteten Fragen

Anzahl Personen mit jedem Resultat

Ihre Resultats-Entwicklung

Sie haben dieses Quiz noch nicht gespielt